Hitman "World of Assassination" A-Z Trivia - Statistics

General Stats
  • This quiz has been taken 686 times
  • The average score is 15 of 24
Answer Stats
Letter Hint Answer % Correct
A The main protagonist of the Hitman series Agent 47
97%
C State in Hitman 1 where the mission "Freedom Fighters" takes place Colorado
92%
B Location in Hitman 3 where the mission "Apex Predator" takes place Berlin
89%
I Agency that employs 47 ICA
87%
D Location in Hitman 3 where the mission "Death in the Family" takes place Dartmoor
86%
F A tool 47 can uses to garrote targets Fiber Wire
83%
J The first Constant, killed in the mission "Another Life" Janus
74%
R Father of Sierra Knox, and one of the two targets in "The Finish Line" Robert Knox
73%
S A small coastal town off the Amalfi Coast in Italy, this town is the location of the missions "World of Tomorrow", "Landslide", "The Icon" and "The Author" Sapienza
73%
T Country where the mission "Club 27" takes place Thailand
73%
P The name of the organization that is run by the Constant, and the main antagonists of the series. Providence
67%
E Main antagonist in Hitman 1. Killed in the mission "Situs Invertus" Erich Soders
65%
Z One of the targets in "The Ark Society" and co-chairwoman of the Ark Society Zoe Washington
64%
G The country in which the Training Facility is located Greenland
62%
Y The other target in "Situs Invertus" and Yakuza lawyer Yuki Yamazaki
61%
W The name of the town in Vermont in "Another Life" Whittleton Creek
59%
N The first mission in Hitman 2, the only target is Alma Reynard Nightcall
48%
M One of the three partners, and one of the two targets in the mission "On Top of the World" Marcus Stuyvesant
44%
U Name of the final mission in Hitman 3 in Romania Untouchable
44%
H Port on the coast of Singapore where the sniper assassin mission "The Pen and the Sword" takes place Hantu Port
42%
K Name of the target killed in the first two training missions. Goes by the alias "The Sparrow" Kalvin Ritter
42%
L One of the targets in the mission "The Last Resort" who is an English con artist of Russian descent Ljudmila Vetrova
38%
V The prison warden in the sniper assassin mission "Crime and Punishment" Vitaly Reznikov
19%
Q A variant of the wire in which 47 can use to garrote, this particular wire was available in the winter sportspack Quickdraw
18%
No matching quizzes found
Score Distribution
Percent of People with Each Score
Percentile by Number Answered
Your Score History
You have not taken this quiz